Estações de Metrô do Distrito Federal - Statistics

Estatísticas Gerais
  • Esse quiz foi jogado 101 vezes
  • A pontuação média é 20 de 27
Estatísticas das Respostas
Resposta % Correto
Águas Claras
89%
Galeria
86%
Guará
85%
Arniqueiras
83%
Central
82%
102 Sul
80%
108 Sul
80%
112 Sul
80%
114 Sul
80%
Ceilândia Norte
80%
Praça do Relógio
80%
110 Sul
78%
Ceilândia Centro
78%
Ceilândia Sul
78%
Feira
78%
Shopping
78%
106 Sul
77%
Samambaia Sul
75%
Taguatinga Sul
72%
Concessionárias
69%
Guariroba
63%
Terminal Asa Sul
60%
Terminal Ceilândia
60%
Terminal Samambaia
58%
Furnas
57%
Estrada Parque
54%
Centro Metropolitano
49%
Nenhum quiz correspondente encontrado
Distribuição das Pontuações
Porcentagem de Pessoas com Cada Pontuação
Percentil de Números Respondidos
Sua Pontuação Histórica
Você não jogou esse quiz